00472 2200205 4500001002100000005001500021008004100036020002200077035001900099041000700118082000800125090001400133100001200147245002500159250000600184260002400190300002700214500000600241650001900247INLIS00000000000625120241224113245241224||||||||| | ||| |||| || |  a978-602-9124-52-1 0010-1224006251 aid0 a811 a811 SUK n0 aSukimin00aNasihat Untuk Anakku a1 bPUSTAKA SUNDAc2011 avi,58 hlm.:ilus,;25 cm a1 0aKumpulan Puisi